000 00261nam a22001217a 4500
008 171130b xxu||||| |||| 00| 0 eng d
041 _aeng
080 _a32
100 _a19
101 _aPOL
245 _aDECLINING TO DECLINE
_cGULLETTE,M.M
942 _2udc
_cBK
999 _c38644
_d38644